[Event "13th Philadelphia International"]
[Site "Philadelphia"]
[Date "2019.06.30"]
[Round "6.1"]
[White "Lenderman, Aleksandr"]
[Black "Gareyev, Timur"]
[Result "1/2-1/2"]
[WhiteElo "2640"]
[BlackElo "2584"]
[PlyCount "118"]
[EventDate "2019.06.??"]
[EventType "swiss"]
[EventRounds "9"]
[EventCountry "USA"]

1. Nf3 c5 2. c4 Nc6 3. d4 cxd4 4. Nxd4 Nf6 5. Nc3 e6 6. a3 Be7 7. e4 O-O 8. Nf3
b6 9. Bf4 Bb7 10. Bd3 Nh5 11. Be3 Qc7 12. O-O Nf4 13. Bc2 Rad8 14. Qd2 Ng6 15.
Rfd1 d6 16. Qe2 Nge5 17. Nd2 Bf6 18. Rac1 Qb8 19. Bb1 g6 20. f4 Nd7 21. Nf3 Bg7
22. b4 Nf6 23. Nd4 Nxd4 24. Bxd4 Rc8 25. Nb5 e5 26. Bb2 Ne8 27. f5 a6 28. Nc3
Bh6 29. Rc2 gxf5 30. exf5 Nf6 31. Bc1 Bxc1 32. Rcxc1 b5 33. Qd2 Kh8 34. Qxd6
Qxd6 35. Rxd6 Rc6 36. Rxc6 Bxc6 37. Rd1 Kg7 38. c5 h5 39. Kf2 a5 40. Rd6 axb4
41. axb4 Ng4+ 42. Kg1 Ra8 43. Rxc6 Ra3 44. h3 Rxc3 45. hxg4 Rc1+ 46. Kf2 Rxb1
47. gxh5 Rxb4 48. h6+ Kh7 49. Ke3 Rc4 50. Rb6 Rxc5 51. Ke4 b4 52. g4 Rc4+ 53.
Kxe5 Rxg4 54. Kf6 Rc4 55. Kxf7 Rc7+ 56. Ke8 Rc8+ 57. Kd7 Ra8 58. Kc6 Rf8 59.
Rxb4 Rxf5 1/2-1/2

[Event "13th Philadelphia International"]
[Site "Philadelphia"]
[Date "2019.06.30"]
[Round "6.2"]
[White "Andriasian, Zaven"]
[Black "Bruzon Batista, Lazaro"]
[Result "1/2-1/2"]
[WhiteElo "2600"]
[BlackElo "2657"]
[PlyCount "26"]
[EventDate "2019.06.??"]
[EventType "swiss"]
[EventRounds "9"]
[EventCountry "USA"]

1. e4 e5 2. Nf3 Nc6 3. Bc4 Bc5 4. d3 Nf6 5. O-O d6 6. c3 a6 7. Bb3 h6 8. Nbd2
O-O 9. h3 Re8 10. Re1 Be6 11. Nf1 Bxb3 12. axb3 d5 13. Qe2 Bf8 1/2-1/2

[Event "13th Philadelphia International"]
[Site "Philadelphia"]
[Date "2019.06.30"]
[Round "6.3"]
[White "Quesada Perez, Yasser"]
[Black "Nyzhnyk, Illya"]
[Result "1/2-1/2"]
[WhiteElo "2577"]
[BlackElo "2649"]
[PlyCount "84"]
[EventDate "2019.06.??"]
[EventType "swiss"]
[EventRounds "9"]
[EventCountry "USA"]

1. e4 e5 2. Nf3 Nf6 3. Nc3 Nc6 4. Bb5 Nd4 5. O-O Nxb5 6. Nxb5 c6 7. Nc3 d6 8.
d4 Qc7 9. Bg5 Be7 10. h3 O-O 11. Qd3 h6 12. Bxf6 Bxf6 13. d5 c5 14. a4 b6 15.
Nd2 a6 16. Nc4 Bd7 17. b3 b5 18. Nb2 c4 19. bxc4 bxc4 20. Qe2 Qa5 21. Ncd1 c3
22. Nd3 Bg5 23. Ne3 Bxe3 24. Qxe3 f5 25. Ra3 fxe4 26. Qxe4 Rab8 27. Qe3 Qxd5
28. Rxc3 Rfc8 29. Rxc8+ Rxc8 30. Nb4 Qb7 31. Qd2 a5 32. Nd5 Bxa4 33. Ne3 Qb4
34. Qd5+ Kh7 35. Ra1 Bb5 36. Qf7 Qf4 37. Nf5 Rg8 38. Nxd6 Qd4 39. Rxa5 Qd1+ 40.
Kh2 Qxd6 41. Rxb5 e4+ 42. Kg1 Qd1+ 1/2-1/2

[Event "13th Philadelphia International"]
[Site "Philadelphia"]
[Date "2019.06.30"]
[Round "6"]
[White "Barbosa, Oliver"]
[Black "Cordova, Emilio"]
[Result "1/2-1/2"]
[WhiteElo "2543"]
[BlackElo "2615"]
[PlyCount "30"]
[EventDate "2019.06.??"]
[EventType "swiss"]
[EventRounds "9"]
[EventCountry "USA"]

1. Nf3 b6 2. g3 Bb7 3. Bg2 c5 4. O-O Nf6 5. c4 e6 6. Nc3 d6 7. d4 cxd4 8. Qxd4
a6 9. Rd1 Nbd7 10. Ng5 Bxg2 11. Kxg2 Rc8 12. Nge4 Rc6 13. Nxf6+ Nxf6 14. Ne4
Be7 15. Bg5 Nxe4 1/2-1/2

[Event "13th Philadelphia International"]
[Site "Philadelphia"]
[Date "2019.06.30"]
[Round "6"]
[White "Husbands, Orlando"]
[Black "Bryant, John Daniel"]
[Result "0-1"]
[WhiteElo "2279"]
[BlackElo "2434"]
[PlyCount "78"]
[EventDate "2019.06.??"]
[EventType "swiss"]
[EventRounds "9"]
[EventCountry "USA"]

1. e4 g6 2. d4 Bg7 3. Nc3 d6 4. Nf3 Nf6 5. Be2 O-O 6. O-O Nc6 7. Be3 e5 8. Re1
Bg4 9. d5 Ne7 10. Nd2 Bxe2 11. Qxe2 c6 12. Rad1 cxd5 13. exd5 Nf5 14. Nc4 Nxe3
15. Nxe3 Rc8 16. Qb5 Qc7 17. Qb4 a6 18. Rd3 Rfe8 19. Na4 b5 20. Rc3 Qb8 21.
Rxc8 Rxc8 22. Nc3 Bh6 23. Qh4 Kg7 24. Ne4 Nxe4 25. Qxe4 Bxe3 26. fxe3 Rc4 27.
Qd3 Qc8 28. Re2 b4 29. e4 Qc5+ 30. Rf2 f5 31. exf5 Rf4 32. Qg3 Rxf5 33. c4 Qd4
34. h3 h5 35. h4 Kf7 36. a3 a5 37. axb4 axb4 38. c5 dxc5 39. d6 Qxf2+ 0-1

[Event "13th Philadelphia International"]
[Site "Philadelphia"]
[Date "2019.06.30"]
[Round "6"]
[White "Wang, Qibiao"]
[Black "Shetty, Atulya"]
[Result "1/2-1/2"]
[WhiteElo "2268"]
[BlackElo "2431"]
[PlyCount "66"]
[EventDate "2019.06.??"]
[EventType "swiss"]
[EventRounds "9"]
[EventCountry "USA"]

1. Nf3 d5 2. c4 c6 3. e3 Nf6 4. Nc3 g6 5. d4 Bg7 6. Bd3 a6 7. O-O O-O 8. h3
dxc4 9. Bxc4 b5 10. Bb3 Nbd7 11. a3 c5 12. Qe2 Bb7 13. Rd1 cxd4 14. exd4 Nb6
15. Bg5 Rc8 16. Re1 e6 17. Rad1 Qc7 18. Rc1 Qd6 19. Ne5 Nbd5 20. Nxd5 Bxd5 21.
Bxd5 Nxd5 22. Bd2 Qe7 23. Rc5 Qh4 24. Nf3 Qd8 25. Bg5 Qd7 26. Rec1 h6 27. Be3
Qb7 28. b4 Nb6 29. Ne5 Nd7 30. Nxd7 Qxd7 31. Qc2 Rcd8 32. Rc6 Qb7 33. Qc5 Rd5
1/2-1/2

[Event "13th Philadelphia International"]
[Site "Philadelphia"]
[Date "2019.06.30"]
[Round "6"]
[White "Katz, Alexander"]
[Black "Kumar, Aravind"]
[Result "1/2-1/2"]
[WhiteElo "2427"]
[BlackElo "2242"]
[PlyCount "82"]
[EventDate "2019.06.??"]
[EventType "swiss"]
[EventRounds "9"]
[EventCountry "USA"]

1. e4 e6 2. d4 d5 3. Nc3 Bb4 4. e5 c5 5. a3 Bxc3+ 6. bxc3 Ne7 7. Qg4 Qc7 8.
Qxg7 Rg8 9. Qxh7 cxd4 10. Ne2 Nbc6 11. f4 dxc3 12. Qd3 d4 13. Rb1 Bd7 14. Ng3
O-O-O 15. Be2 Nf5 16. Kf2 Nce7 17. Ne4 Bc6 18. g4 Ne3 19. Bxe3 dxe3+ 20. Qxe3
Nd5 21. Qxa7 Nxf4 22. Nd6+ Rxd6 23. exd6 Nh3+ 24. Ke1 Qxd6 25. Rd1 Qe7 26. Qa8+
Kc7 27. Qa5+ Kc8 28. Qxc3 Qh4+ 29. Kd2 Nf2 30. Kc1 Nxd1 31. Bxd1 e5 32. Rf1
Qxh2 33. Rxf7 Kb8 34. g5 Rd8 35. Kb2 e4 36. g6 Bd5 37. Qf6 Rd6 38. Qf4 Qxf4 39.
Rxf4 Rxg6 40. Kc3 Bc6 41. Bg4 Rg5 1/2-1/2

[Event "13th Philadelphia International"]
[Site "Philadelphia"]
[Date "2019.06.30"]
[Round "6"]
[White "Wang, Tianqi"]
[Black "Shen, Victor"]
[Result "1-0"]
[WhiteElo "2333"]
[BlackElo "2418"]
[PlyCount "73"]
[EventDate "2019.06.??"]
[EventType "swiss"]
[EventRounds "9"]
[EventCountry "USA"]

1. d4 d5 2. c4 c6 3. g3 Nf6 4. Bg2 Bf5 5. Nf3 e6 6. Nc3 Be7 7. Nh4 Bg4 8. h3
Bh5 9. Qb3 Qb6 10. g4 Bg6 11. Nxg6 hxg6 12. e4 Bb4 13. exd5 cxd5 14. cxd5 Nxd5
15. O-O Bxc3 16. bxc3 Nc6 17. c4 Qxb3 18. axb3 Nc3 19. d5 exd5 20. cxd5 Nb4 21.
Bb2 Nbxd5 22. Ra5 Ne2+ 23. Kh2 Ndf4 24. Bxg7 Rh7 25. Re5+ Ne6 26. Bf6 N2f4 27.
Rd1 Nxg2 28. Kxg2 g5 29. Bxg5 Rc8 30. Kg3 Kf8 31. Be3 Rc3 32. Rd7 Rc7 33. Rxc7
Nxc7 34. Bc5+ Kg8 35. Re7 Ne6 36. Bxa7 b5 37. Be3 1-0

[Event "13th Philadelphia International"]
[Site "Philadelphia"]
[Date "2019.06.30"]
[Round "6"]
[White "Santarius, Erik"]
[Black "Graif, William"]
[Result "1/2-1/2"]
[WhiteElo "2403"]
[BlackElo "2218"]
[PlyCount "118"]
[EventDate "2019.06.??"]
[EventType "swiss"]
[EventRounds "9"]
[EventCountry "USA"]

1. d4 Nf6 2. c4 e6 3. Nf3 d5 4. g3 Be7 5. Bg2 O-O 6. O-O dxc4 7. Ne5 Nc6 8.
Bxc6 bxc6 9. Nxc6 Qd6 10. Nxe7+ Qxe7 11. Qc2 c5 12. dxc5 Qxc5 13. Be3 Qh5 14.
f3 e5 15. Nd2 Bb7 16. Qxc4 e4 17. Qc5 Qh3 18. Rf2 Rfe8 19. Nf1 Re6 20. Rd1 Rae8
21. f4 h5 22. Rg2 a6 23. Qg5 Rc6 24. g4 hxg4 25. Rg3 Qh7 26. h3 gxh3 27. Kh2
Bc8 28. Rc1 Rd6 29. Rc5 Nd7 30. Rc7 Nf8 31. Qc5 Rdd8 32. Qc3 Ne6 33. Ra7 Qh5
34. Qc4 Rd1 35. Rg1 Qb5 36. Qc2 Re1 37. Ng3 Rxg1 38. Kxg1 Bd7 39. f5 Nd8 40.
Qc5 Qxc5 41. Bxc5 Bb5 42. b3 Nc6 43. Rc7 Re5 44. a4 Rxc5 45. axb5 axb5 46. Nxe4
Rc2 47. Rc8+ Kh7 48. Ng5+ Kh6 49. Nxf7+ Kh5 50. Kf2 Nd4 51. Rxc2 Nxc2 52. Kg3
Nd4 53. b4 Nxe2+ 54. Kxh3 Nf4+ 55. Kg3 Nd5 56. Nd6 Nxb4 57. Nxb5 Kg5 58. Nd4 g6
59. fxg6 Kxg6 1/2-1/2

[Event "13th Philadelphia International"]
[Site "Philadelphia"]
[Date "2019.06.30"]
[Round "6"]
[White "Jacobson, Aaron"]
[Black "Mulyar, Michael"]
[Result "1/2-1/2"]
[WhiteElo "2302"]
[BlackElo "2381"]
[PlyCount "41"]
[EventDate "2019.06.??"]
[EventType "swiss"]
[EventRounds "9"]
[EventCountry "USA"]

1. e4 e5 2. Nf3 Nc6 3. Bb5 a6 4. Ba4 Nf6 5. O-O b5 6. Bb3 Bc5 7. a4 Rb8 8. c3
d6 9. d4 Bb6 10. axb5 axb5 11. Na3 O-O 12. Nxb5 Bg4 13. Bc2 Bxf3 14. gxf3 Nh5
15. f4 Qh4 16. Qf3 Nxf4 17. Bxf4 exf4 18. Kh1 Ne7 19. b4 Ng6 20. Na3 c5 21.
bxc5 1/2-1/2

[Event "13th Philadelphia International"]
[Site "Philadelphia"]
[Date "2019.06.30"]
[Round "6"]
[White "Melaugh, Shane"]
[Black "Bartell, Thomas"]
[Result "1/2-1/2"]
[WhiteElo "2126"]
[BlackElo "2369"]
[PlyCount "95"]
[EventDate "2019.06.??"]
[EventType "swiss"]
[EventRounds "9"]
[EventCountry "USA"]

1. c4 e5 2. Nc3 Nc6 3. Nf3 Nf6 4. e4 Bc5 5. Nxe5 Nxe5 6. d4 Bb4 7. dxe5 Nxe4 8.
Qf3 Nxc3 9. bxc3 Ba5 10. Qg3 Qe7 11. Be2 O-O 12. O-O d6 13. Ba3 c5 14. Rad1
Qxe5 15. Qxe5 dxe5 16. Bxc5 Re8 17. Bb4 Bc7 18. Bd6 Bxd6 19. Rxd6 Bf5 20. Rfd1
Rac8 21. R1d5 Be4 22. Rd2 Kf8 23. f3 Bf5 24. Rb2 Re7 25. Rb5 f6 26. a4 a6 27.
Rbb6 Ke8 28. Kf2 Bc2 29. Rb4 a5 30. Rb5 Bxa4 31. Rxa5 Bc6 32. c5 Rd7 33. Rxd7
Kxd7 34. Ke3 f5 35. Bb5 Kc7 36. c4 Rd8 37. Bxc6 Kxc6 38. Rb5 Rd7 39. h4 g6 40.
g3 Rf7 41. Kd3 Rd7+ 42. Ke3 Re7 43. Kd3 h5 44. Rb6+ Kxc5 45. Rxg6 e4+ 46. Ke3
Kxc4 47. Rg5 exf3+ 48. Kxf3 1/2-1/2

[Event "13th Philadelphia International"]
[Site "Philadelphia"]
[Date "2019.06.30"]
[Round "6"]
[White "Harriott, Tyrell"]
[Black "Chen, Derek"]
[Result "1-0"]
[WhiteElo "2003"]
[BlackElo "1781"]
[PlyCount "55"]
[EventDate "2019.06.??"]
[EventType "swiss"]
[EventRounds "9"]
[EventCountry "USA"]

1. d4 Nf6 2. e3 d5 3. Bd3 c5 4. c3 e6 5. f4 Nc6 6. Nf3 Be7 7. O-O a6 8. Nbd2
Qc7 9. Ne5 b5 10. Qf3 Bb7 11. Qh3 Nd7 12. Ndf3 h6 13. Qh5 Ndxe5 14. Nxe5 Bf6
15. Nxf7 Rf8 16. Nxh6+ Ke7 17. Ng4 Rh8 18. Qg6 Rag8 19. Ne5 Nd8 20. b3 Rh6 21.
Qg4 b4 22. Bb2 g5 23. cxb4 Rg7 24. f5 cxd4 25. exd4 Qb6 26. Rae1 Rh4 27. Qg3
Rxd4 28. Qf2 1-0

[Event "13th Philadelphia International"]
[Site "Philadelphia"]
[Date "2019.06.29"]
[Round "5.1"]
[White "Nyzhnyk, Illya"]
[Black "Lenderman, Aleksandr"]
[Result "1/2-1/2"]
[WhiteElo "2649"]
[BlackElo "2640"]
[PlyCount "113"]
[EventDate "2019.06.??"]
[EventType "swiss"]
[EventRounds "9"]
[EventCountry "USA"]

1. e4 e6 2. d4 d5 3. Nd2 c5 4. exd5 Qxd5 5. Ngf3 cxd4 6. Bc4 Qd7 7. O-O Nc6 8.
Nb3 Nf6 9. Qe2 a6 10. a4 Bd6 11. Rd1 Qe7 12. Nbxd4 Nxd4 13. Rxd4 e5 14. Rxd6
Qxd6 15. b3 Be6 16. Ba3 Bxc4 17. Qxc4 Qd5 18. Qc3 Nd7 19. Re1 f6 20. Re3 Qd1+
21. Ne1 Qg4 22. Rd3 Rd8 23. f3 Qe6 24. Rd6 Qf7 25. Qc7 O-O 26. Nd3 b6 27. Nb4
Rfe8 28. Nd5 h5 29. c4 h4 30. h3 a5 31. b4 axb4 32. Bxb4 f5 33. Be1 Nf8 34.
Ne7+ Rxe7 35. Qxd8 e4 36. f4 Re8 37. Qxb6 Qxc4 38. Bxh4 e3 39. Qb5 Re4 40. Rd8
e2 41. Be1 Rxf4 42. Kh2 Qxb5 43. axb5 Rf1 44. Bb4 Rb1 45. Rxf8+ Kh7 46. Bc3 Rc1
47. Re8 Rxc3 48. Rxe2 Rb3 49. Re5 f4 50. h4 f3 51. g4 f2 52. Kg2 Rg3+ 53. Kxf2
Rxg4 54. h5 g5 55. b6 Rb4 56. Re6 Rb3 57. Rg6 1/2-1/2

[Event "13th Philadelphia International"]
[Site "Philadelphia"]
[Date "2019.06.29"]
[Round "5.2"]
[White "Andriasian, Zaven"]
[Black "Stukopin, Andrey"]
[Result "1/2-1/2"]
[WhiteElo "2600"]
[BlackElo "2562"]
[PlyCount "35"]
[EventDate "2019.06.??"]
[EventType "swiss"]
[EventRounds "9"]
[EventCountry "USA"]

1. e4 c5 2. Nf3 e6 3. d4 cxd4 4. Nxd4 Nc6 5. Nc3 Qc7 6. g3 a6 7. Bg2 d6 8. O-O
Bd7 9. a4 Nf6 10. Nxc6 Bxc6 11. a5 b5 12. axb6 Qxb6 13. b3 Be7 14. Be3 Qc7 15.
Qd3 Bb7 16. Ra4 Rc8 17. Rc4 Qb8 18. Rxc8+ 1/2-1/2

[Event "13th Philadelphia International"]
[Site "Philadelphia"]
[Date "2019.06.29"]
[Round "5.3"]
[White "Checa, Nicolas"]
[Black "Gareyev, Timur"]
[Result "0-1"]
[WhiteElo "2506"]
[BlackElo "2584"]
[PlyCount "92"]
[EventDate "2019.06.??"]
[EventType "swiss"]
[EventRounds "9"]
[EventCountry "USA"]

1. d4 d6 2. c4 e5 3. Nc3 exd4 4. Qxd4 Nc6 5. Qd2 Nf6 6. b3 Be6 7. e4 a5 8. Nf3
a4 9. Rb1 axb3 10. axb3 g6 11. Be2 Bg7 12. O-O O-O 13. Bb2 Re8 14. Ra1 Rxa1 15.
Bxa1 Bg4 16. h3 Bxf3 17. Bxf3 Nd7 18. Nd5 Bxa1 19. Rxa1 Nce5 20. Bd1 Nc5 21.
Bc2 c6 22. Nc3 Qf6 23. f4 Ned3 24. Rf1 Nb4 25. Kh1 Nxc2 26. Qxc2 Qd4 27. Rd1
Qe3 28. f5 gxf5 29. exf5 Qg3 30. f6 Re1+ 31. Rxe1 Qxe1+ 32. Kh2 Qe5+ 33. g3
Qxf6 34. b4 Ne6 35. Ne4 Qd4 36. c5 dxc5 37. bxc5 f5 38. Nd6 Qxc5 39. Qd3 Qf2+
40. Kh1 f4 41. Ne4 Qe3 42. Qc4 Kf7 43. Nd6+ Kf6 44. Nxb7 fxg3 45. Qh4+ Kg6 46.
Qg4+ Ng5 0-1

[Event "13th Philadelphia International"]
[Site "Philadelphia"]
[Date "2019.06.29"]
[Round "5.4"]
[White "Bruzon Batista, Lazaro"]
[Black "Santarius, Erik"]
[Result "1-0"]
[WhiteElo "2657"]
[BlackElo "2403"]
[PlyCount "77"]
[EventDate "2019.06.??"]
[EventType "swiss"]
[EventRounds "9"]
[EventCountry "USA"]

1. e4 e5 2. Nf3 Nc6 3. Bb5 a6 4. Ba4 Nf6 5. O-O Be7 6. d3 d6 7. c3 Bg4 8. Be3
Qd7 9. Re1 Bh5 10. a3 h6 11. d4 b5 12. Bc2 Qc8 13. Nbd2 Ng4 14. d5 Nxe3 15.
Rxe3 Nb8 16. c4 Nd7 17. cxb5 Bg5 18. Rc3 axb5 19. Qf1 Bxf3 20. Nxf3 Rb8 21. b4
Qb7 22. Nxg5 hxg5 23. Qc1 f6 24. Bd3 Kd8 25. Qc2 Rf8 26. Rc1 Rc8 27. Qe2 Rb8
28. h3 g6 29. Qc2 Rc8 30. Qe2 Rb8 31. Rxc7 Qxc7 32. Rxc7 Kxc7 33. Bxb5 Kd8 34.
Bc6 Rf7 35. Qa6 Nb6 36. a4 Nc8 37. Qa5+ Rc7 38. b5 Nb6 39. Qb4 1-0

[Event "13th Philadelphia International"]
[Site "Philadelphia"]
[Date "2019.06.29"]
[Round "5"]
[White "Quesada Perez, Yuniesky"]
[Black "Sheng, Joshua"]
[Result "1-0"]
[WhiteElo "2626"]
[BlackElo "2449"]
[PlyCount "55"]
[EventDate "2019.06.??"]
[EventType "swiss"]
[EventRounds "9"]
[EventCountry "USA"]

1. e4 e6 2. d4 d5 3. e5 c5 4. c3 Qb6 5. Nf3 Nc6 6. a3 Nh6 7. b4 cxd4 8. Bxh6
gxh6 9. cxd4 Bd7 10. Be2 Rg8 11. O-O Rg4 12. h3 Rf4 13. g3 Rxd4 14. Nxd4 Qxd4
15. Nd2 Qxe5 16. Nb3 a5 17. b5 Ne7 18. Re1 Bg7 19. Rc1 b6 20. a4 Qe4 21. Rc7
Rd8 22. Nd2 Qe5 23. Qc1 Qd6 24. Kg2 e5 25. Rd1 Kf8 26. Rb7 Qe6 27. Bg4 f5 28.
Qc7 1-0

[Event "13th Philadelphia International"]
[Site "Philadelphia"]
[Date "2019.06.29"]
[Round "5"]
[White "Cordova, Emilio"]
[Black "Talukdar, Rohan"]
[Result "1/2-1/2"]
[WhiteElo "2615"]
[BlackElo "2384"]
[PlyCount "81"]
[EventDate "2019.06.??"]
[EventType "swiss"]
[EventRounds "9"]
[EventCountry "USA"]

1. Nf3 Nf6 2. c4 g6 3. b3 Bg7 4. Bb2 O-O 5. g3 d6 6. d4 e5 7. dxe5 Nfd7 8. Bg2
dxe5 9. Nfd2 Na6 10. O-O Nac5 11. Nc3 f5 12. b4 Ne6 13. c5 e4 14. Nc4 Ne5 15.
Nxe5 Bxe5 16. Qb3 c6 17. Rad1 Qf6 18. f4 exf3 19. Rxf3 a5 20. Ne4 Qg7 21. Bxe5
Qxe5 22. Nd6 a4 23. Qc3 Qxc3 24. Rxc3 Nc7 25. a3 Rb8 26. Re3 Be6 27. Rdd3 Rf6
28. Re5 Ne8 29. g4 Bd7 30. Nxf5 Bxf5 31. gxf5 Rxf5 32. Re7 Nf6 33. Rf3 Nd5 34.
Rd7 Rxf3 35. Bxf3 Nc3 36. Rd3 Nb5 37. Kf2 Kf7 38. e3 Ke7 39. Bd1 Rd8 40. Ke2
Ra8 41. Bc2 1/2-1/2

[Event "13th Philadelphia International"]
[Site "Philadelphia"]
[Date "2019.06.29"]
[Round "5"]
[White "Quesada Perez, Yasser"]
[Black "Daggupati, Balaji"]
[Result "1-0"]
[WhiteElo "2577"]
[BlackElo "2331"]
[PlyCount "117"]
[EventDate "2019.06.??"]
[EventType "swiss"]
[EventRounds "9"]
[EventCountry "USA"]

1. e4 e5 2. Nf3 Nc6 3. Nc3 Nf6 4. Bb5 Nd4 5. O-O Nxb5 6. Nxb5 c6 7. Nc3 Qc7 8.
d4 d6 9. Bg5 Be7 10. Qd3 O-O 11. h3 h6 12. Bxf6 Bxf6 13. d5 Be7 14. Nd2 f5 15.
Rad1 fxe4 16. Ndxe4 c5 17. Nb5 Qb6 18. Qb3 Bd7 19. Nbxd6 Bxd6 20. Qxb6 axb6 21.
Nxd6 Rxa2 22. Rb1 Rf6 23. Ne4 Rg6 24. h4 Bf5 25. h5 Rxg2+ 26. Kxg2 Bxe4+ 27. f3
Bxd5 28. Rfe1 Ra4 29. Rxe5 Rd4 30. Rbe1 Bc6 31. Kg3 Rd2 32. R1e2 Rxe2 33. Rxe2
Kf7 34. Kf4 Kf6 35. Rd2 b5 36. Rd6+ Ke7 37. Rg6 Kf8 38. Rg3 Be8 39. Rh3 Bd7 40.
Rh2 Bc6 41. Ke5 Ke7 42. f4 c4 43. c3 Kf7 44. Rh3 Bg2 45. Rg3 Bc6 46. f5 Be8 47.
Rg2 Bc6 48. Rg6 Be8 49. f6 gxf6+ 50. Rxf6+ Kg7 51. Rf5 Bd7 52. Rf1 Be8 53. Rg1+
Kh7 54. Kf6 Bxh5 55. Rg7+ Kh8 56. Rxb7 Bf3 57. Rxb5 Be4 58. Rc5 Bd3 59. Rd5 1-0

[Event "13th Philadelphia International"]
[Site "Philadelphia"]
[Date "2019.06.29"]
[Round "5"]
[White "Barbosa, Oliver"]
[Black "Kumar, Aravind"]
[Result "1-0"]
[WhiteElo "2543"]
[BlackElo "2242"]
[PlyCount "81"]
[EventDate "2019.06.??"]
[EventType "swiss"]
[EventRounds "9"]
[EventCountry "USA"]

1. c4 e5 2. Nc3 Bb4 3. g3 Bxc3 4. dxc3 Nc6 5. Bg2 Nge7 6. Nf3 d6 7. O-O O-O 8.
b3 f6 9. Ne1 Be6 10. e4 Qd7 11. f4 g6 12. Nd3 Rad8 13. Be3 b6 14. a4 Bg4 15.
Qc2 Bh3 16. Rad1 Bxg2 17. Qxg2 Na5 18. Qc2 Qc6 19. Nf2 exf4 20. Bxf4 Qd7 21. h3
Qe6 22. Kh2 Nac6 23. Ng4 Ne5 24. Nxe5 dxe5 25. Bh6 Rfe8 26. Qf2 Rxd1 27. Rxd1
f5 28. Qd2 fxe4 29. g4 Qf7 30. Qg2 Nc8 31. b4 Qxc4 32. Rd7 Qe6 33. Rxc7 Nd6 34.
Rxa7 Rc8 35. a5 Nf7 36. axb6 Qxb6 37. Qa2 Qf6 38. b5 Rb8 39. b6 e3 40. Bxe3 e4
41. Ra8 1-0

[Event "13th Philadelphia International"]
[Site "Philadelphia"]
[Date "2019.06.29"]
[Round "5"]
[White "Boros, Denes"]
[Black "Wang, Tianqi"]
[Result "1/2-1/2"]
[WhiteElo "2466"]
[BlackElo "2333"]
[PlyCount "68"]
[EventDate "2019.06.??"]
[EventType "swiss"]
[EventRounds "9"]
[EventCountry "USA"]

1. c4 Nf6 2. Nc3 c5 3. Nf3 b6 4. e4 d6 5. d4 cxd4 6. Nxd4 Bb7 7. Bd3 e6 8. O-O
Be7 9. Qe2 Nc6 10. Nxc6 Bxc6 11. Bf4 O-O 12. Rfd1 Qc7 13. Rac1 Qb7 14. b4 Rfd8
15. Rb1 a5 16. a3 axb4 17. axb4 Ra3 18. Qc2 h6 19. Re1 Bf8 20. Bc1 Raa8 21. Bb2
Rac8 22. Qe2 Qb8 23. f4 d5 24. cxd5 exd5 25. e5 Ne4 26. Nxe4 dxe4 27. Bxe4 Bxb4
28. Qg4 Bxe4 29. e6 Bc3 30. exf7+ Kxf7 31. Rxe4 Bxb2 32. Qe6+ Kf8 33. Rxb2 Rc1+
34. Kf2 Qd6 1/2-1/2

[Event "13th Philadelphia International"]
[Site "Philadelphia"]
[Date "2019.06.29"]
[Round "5"]
[White "Husbands, Orlando"]
[Black "Niemann, Hans"]
[Result "1-0"]
[WhiteElo "2279"]
[BlackElo "2460"]
[PlyCount "91"]
[EventDate "2019.06.??"]
[EventType "swiss"]
[EventRounds "9"]
[EventCountry "USA"]

1. e4 c6 2. d4 d5 3. Nc3 dxe4 4. Nxe4 Nd7 5. Nf3 Ngf6 6. Nxf6+ Nxf6 7. c3 e6 8.
Bd3 Bd6 9. O-O b6 10. Qe2 Qc7 11. Ne5 Bb7 12. Bf4 O-O 13. Rad1 c5 14. dxc5 bxc5
15. Rfe1 Nd5 16. Bg3 Rad8 17. Bb1 Qe7 18. c4 Nb4 19. a3 Bxe5 20. Qxe5 Nc6 21.
Qc7 Qxc7 22. Bxc7 Rd4 23. Bd6 Rxd1 24. Rxd1 Rd8 25. Bc2 Rc8 26. Bxc5 Ne5 27. b3
a5 28. Bd6 Ng6 29. c5 Bd5 30. b4 axb4 31. axb4 Ra8 32. b5 Ra2 33. Bxg6 hxg6 34.
b6 Rb2 35. h3 f6 36. Ra1 g5 37. Ra7 Rb1+ 38. Kh2 Rb2 39. Kg3 Rb3+ 40. f3 Rb2
41. Rd7 Bc6 42. Rc7 Bd5 43. Be7 Rb3 44. Bd8 Rb2 45. Rd7 Ba8 46. Bxf6 1-0

[Event "13th Philadelphia International"]
[Site "Philadelphia"]
[Date "2019.06.29"]
[Round "5"]
[White "Shetty, Atulya"]
[Black "Puckett, Matthew"]
[Result "1-0"]
[WhiteElo "2431"]
[BlackElo "2092"]
[PlyCount "73"]
[EventDate "2019.06.??"]
[EventType "swiss"]
[EventRounds "9"]
[EventCountry "USA"]

1. c4 f5 2. g3 Nf6 3. Nf3 g6 4. Bg2 Bg7 5. O-O O-O 6. Nc3 d6 7. Rb1 e5 8. d3
Nc6 9. b4 h6 10. b5 Ne7 11. Qb3 Kh8 12. c5 e4 13. dxe4 fxe4 14. cxd6 cxd6 15.
Nd4 d5 16. Ba3 Re8 17. Rbd1 Nf5 18. e3 Nxd4 19. Rxd4 Be6 20. Rfd1 Rc8 21. Bb2
Qe7 22. Ne2 Kh7 23. Qa4 Bg4 24. R4d2 b6 25. h3 Bxe2 26. Rxe2 Nd7 27. Bxg7 Kxg7
28. Rxd5 Nf6 29. Rd4 Rc1+ 30. Rd1 Rxd1+ 31. Qxd1 Qb4 32. Rc2 Re7 33. Qd8 Rd7
34. Rc7 Qb1+ 35. Bf1 Qd1 36. Rxa7 Qd5 37. Qxb6 1-0

[Event "13th Philadelphia International"]
[Site "Philadelphia"]
[Date "2019.06.29"]
[Round "5"]
[White "Peredun, Andrew"]
[Black "Katz, Alexander"]
[Result "1/2-1/2"]
[WhiteElo "2344"]
[BlackElo "2427"]
[PlyCount "58"]
[EventDate "2019.06.??"]
[EventType "swiss"]
[EventRounds "9"]
[EventCountry "USA"]

1. d4 d6 2. Nf3 g6 3. e4 Bg7 4. Bc4 c6 5. Bb3 Nf6 6. Qe2 e5 7. dxe5 dxe5 8. O-O
Qe7 9. a4 O-O 10. Na3 Na6 11. Nc4 Nc5 12. Bg5 h6 13. Bh4 Bg4 14. Ne3 Be6 15.
Bxe6 Qxe6 16. Bxf6 Qxf6 17. Qc4 Ne6 18. Rad1 Nd4 19. Nxd4 exd4 20. Ng4 Qf4 21.
f3 h5 22. g3 Qc7 23. Nf2 a6 24. Nd3 b5 25. Qc5 Rfd8 26. axb5 axb5 27. Qg5 Bf8
28. b4 Ra2 29. Rf2 Rda8 1/2-1/2

[Event "13th Philadelphia International"]
[Site "Philadelphia"]
[Date "2019.06.29"]
[Round "5"]
[White "Wang, Qibiao"]
[Black "Rozman, Levy"]
[Result "1-0"]
[WhiteElo "2268"]
[BlackElo "2368"]
[PlyCount "53"]
[EventDate "2019.06.??"]
[EventType "swiss"]
[EventRounds "9"]
[EventCountry "USA"]

1. Nf3 Nf6 2. g3 b6 3. Bg2 Bb7 4. b3 g6 5. Bb2 Bg7 6. O-O O-O 7. c4 e6 8. Nc3
d5 9. cxd5 exd5 10. d4 Re8 11. Rc1 Ne4 12. e3 f5 13. Ne2 a5 14. Nf4 Ba6 15. Re1
c6 16. Ne5 Qd6 17. Qc2 Ra7 18. f3 Ng5 19. Nfd3 Rc7 20. h4 Ne6 21. f4 c5 22. Ba3
Rec8 23. Qd2 Qd8 24. dxc5 bxc5 25. Qxa5 Bf8 26. Qb6 Ng7 27. Nxc5 1-0